00589 2200217 4500001002100000005001500021035002000036007000300056008004100059020002200100082000800122084001400130100001900144245007800163260003200241300002900273650002700302700001800329990001200347990001200359INLIS00000000000189920180416091555 a0010-0418000056ta180416 g 0 ind  a978-602-8940-15-3 a810 a810 YUS t0 aYUSUF, Maulana1 aTong Kosong Indonesia Bunyinya /cYusuf Maulana; penyunting, Irin Hidayat aYogyakarta :bProYou,c2014 a168 hlm :bilus ;c20 cm aKESUSASTRAAN INDONESIA0 aIRIN, Hidayat a16700 a a16700 b